| 000 | 00870nam a2200277 i 4500 | ||
|---|---|---|---|
| 001 | 184359 | ||
| 003 | ES-MaACL | ||
| 005 | 20230906222155.0 | ||
| 008 | 150626s1968 sp ao |||| |dspa d | ||
| 080 | _a75.036.4 | ||
| 100 | 1 |
_aJalard, Michel-Claude. _965944 |
|
| 245 | 1 | 3 |
_aEl posimpresionismo / _cMichel-Claude Jalard. |
| 260 |
_aMadrid : _bAguilar, _c1968. |
||
| 300 |
_a207 p. : _bil. col. y n. ; _c27 cm. |
||
| 490 | 1 |
_aHistoria general de la pintura ; _v18 |
|
| 500 | _aCronología. | ||
| 500 | _aÍndice. | ||
| 504 | _aBibliografía: p. 204. | ||
| 650 | 0 | 4 |
_aPostimpresionismo (Arte) _9161991 |
| 650 | 4 |
_aPintura- _xS.XX. _916010 |
|
| 740 | 3 | 2 | _aEl postimpresionismo. |
| 830 | 0 |
_aHistoria general de la pintura ; _v18 _9192109 |
|
| 852 |
_aES-MaACL _jE-15662 _z. - enc. cart. |
||
| 852 |
_aES-MaACL _jE-5826 _z. - enc. cart. |
||
| 999 |
_c184359 _d184359 |
||